| 000 | 00000nam##2200000za#4500 |
| 001 | 9.689892 |
| 003 | CaOODSP |
| 005 | 20210624232112 |
| 007 | cr ||||||||||| |
| 008 | 150407|2007||||xxc|||||o f|0| 0 eng|d |
| 020 | |a978-0-662-46223-1 |
| 040 | |aCaOODSP|beng |
| 043 | |an-cn--- |
| 086 | 1 |aHS1-8/2006E-PDF |
| 110 | 1 |aCanada. |bHuman Resources and Social Development Canada. |
| 245 | 10|aEarly childhood development activities and expenditures and early learning and child care activities and expenditures : Government of Canada reports 2004–2005 and 2005-2006 |h[electronic resource] |
| 260 | |aOttawa - Ontario : |bHuman Resources and Social Development Canada |c2007. |
| 590 | |a13-08-Supp|b2013-04-02 |
| 690 | 07|aChild care|2gcpds |
| 690 | 07|aChild development|2gcpds |
| 690 | 07|aChild safety|2gcpds |
| 690 | 07|aChildren's health|2gcpds |
| 690 | 07|aFederal programs|2gcpds |
| 775 | 08|tActivités et dépenses relatives au développement de la petite enfance et activités et dépenses relatives à l'apprentissage et à la garde des jeunes enfants : rapports 2004-2005 et 2005-2006 du Gouvernement du Canada |w(CaOODSP)9.634269 |
| 856 | 40|ahttp://publications.gc.ca|qPDF|s593 KB|uhttps://publications.gc.ca/collections/collection_2013/rhdcc-hrsdc/HS1-8-2006-eng.pdf |